Consideraciones que la Junta de Comercio sujeta al juicio del público, acerca de las ideas y principios emitidos por la Sociedad Mercantil Matritense en la esposicion que dirigió a S.M. con fecha 9 de agosto del corriente año. (Record no. 190137)

MARC details
000 -LEADER
campo de control de longitud fija 00744nam a2200169 i 4500
001 - NÚMERO DE CONTROL
campo de control 190137
003 - IDENTIFICADOR DE NÚMERO DE CONTROL
campo de control ES-MaACL
005 - FECHA Y HORA DE LA ÚLTIMA TRANSACCIÓN
campo de control 20230906223642.0
008 - DATOS DE LONGITUD FIJA--INFORMACIÓN GENERAL
campo de control de longitud fija 200731s1844 sp |||| | spa d
245 00 - MENCIÓN DEL TÍTULO
Título Consideraciones que la Junta de Comercio sujeta al juicio del público, acerca de las ideas y principios emitidos por la Sociedad Mercantil Matritense en la esposicion que dirigió a S.M. con fecha 9 de agosto del corriente año.
260 ## - PUBLICACIÓN, DISTRIBUCIÓN, ETC.
Lugar de publicación, distribución, etc. Barcelona :
Nombre del editor, distribuidor, etc. [s.n.],
Fecha de publicación, distribución, etc. 1844 (
Fabricante Imp. de los SS. A. Pons y Cª)
300 ## - DESCRIPCIÓN FÍSICA
Extensión 12 p. ;
Dimensiones 20 cm.
650 #4 - PUNTO DE ACCESO ADICIONAL DE MATERIA--TÉRMINO DE MATERIA
Término de materia o nombre geográfico como elemento de entrada Fraude fiscal-
Subdivisión geográfica España.
9 (RLIN) 148740
650 #4 - PUNTO DE ACCESO ADICIONAL DE MATERIA--TÉRMINO DE MATERIA
Término de materia o nombre geográfico como elemento de entrada Contrabando-
Subdivisión geográfica España-
Subdivisión cronológica S.XIX.
9 (RLIN) 11320
710 2# - ENTRADA AGREGADA--NOMBRE DE ENTIDAD CORPORATIVA
Nombre de entidad corporativa o nombre de jurisdicción como elemento de entrada Sociedad Filantrópica Mercantil Matritense.
9 (RLIN) 170233
852 4# - LOCALIZACIÓN
Ubicación ES-MaACL
Número de control de estantería T-21-F-4
Holdings
Estatus retirado Estado de pérdida Estado de daño No para préstamo Colección Biblioteca de origen Biblioteca actual Ubicación en estantería Fecha de adquisición Fuente de adquisición Total de préstamos Signatura topográfica completa Código de barras Visto por última vez Precio de reemplazo Tipo de ítem Koha
        Colección de folletos Biblioteca del Ateneo de Madrid Biblioteca del Ateneo de Madrid Depósito folletos 04/04/2005     T-21-F-4 1201837 23/02/2023 23/02/2023 Folleto